| 000 | 00542nam a2200181 u 4500 | ||
|---|---|---|---|
| 001 | 000025235 | ||
| 005 | 20200930023641.0 | ||
| 008 | 110211s1975 ru a r 001 0 spa d | ||
| 040 |
_aDO-SdBNP _bspa _cBNPHU |
||
| 041 | 1 | 7 |
_aspa _hrus _2Código de idiomas MARC |
| 082 |
_ann* _bnn* |
||
| 100 | 1 |
_aBondarev, Yuri. _951720 |
|
| 245 | 1 | 3 |
_aLa nieve ardiente / _cYuri Bondarev ; traducción de Isabel Vicente. |
| 260 |
_aMoscu : _bProgreso, _c1975. |
||
| 300 |
_a439 p. : _bil. ; _c21 cm. |
||
| 700 | 1 |
_aVicente, Isabel, _etr. _945992 |
|
| 049 | _aBNGR | ||
| 999 |
_c24728 _d24728 |
||